000 00352nam a22001217a 4500
082 _a200 THE
100 _aUMER JAVED
_915437
245 _aTH-SOF-1011-ELECTROAEROELASTIC ANALYSIS AND STABILITY OF GALLOPING-BASED
260 _aISLAMABAD
_bNUST COLLEGE OF EME
_c2014
650 _aMS-MECH-68 MSTHESIS
700 _aDr. IMRAN AKHTAR
_911136
942 _cCF
999 _c577400
_d577400